Zabytki Państw Unii Europejskiej - Statystyki

Ogólne statystyki
  • Ten quiz został rozwiązany 38 razy
  • Średni wynik to 5 z 81
Statystyki odpowiedzi
Odpowiedź % Poprawnych
Włochy Koloseum
61%
Polska Wawel
61%
Francja Wieża Eiffla
48%
Francja Luwr
35%
Grecja Akropol
32%
Włochy Krzywa Wieża w Pizie
29%
Hiszpania Sagrada Familia
29%
Czechy Most Św. Karola
26%
Niemcy Brama Brandenburska
23%
Polska Zamek w Malborku
23%
Luksemburg Stare Miasto
16%
Niemcy Katedra w Kolonii
13%
Francja Wersal
13%
Hiszpania Alhambra
10%
Austria Katedra Św. Szczepana
10%
Polska Kopalnia Soli w Wieliczce
10%
Belgia Manneken pis
10%
Austria Pałac Schonbrunn
10%
Chorwacja Jeziora Plitwickie
6%
Belgia La Grand-Place
6%
Cypr Pafos
6%
Czechy Skalne Miasto
6%
Niemcy Zamek Neuschwanstein
6%
Litwa Zamek w Trokach
6%
Dania Legoland
3%
Malta Mdina
3%
Grecja Meteory
3%
Chorwacja Pałac Dioklecjana
3%
Austria Twierdza Hohensalzburg
3%
Malta Valetta
3%
Holandia Amsterdam
0%
Węgry Baszta Rybacka w Budapeszcie
0%
Luksemburg Bazylika Notre-Dame de Luxembourg
0%
Węgry Bazylika Św. Szczepana w Budapeszcie
0%
Irlandia Dublińskie Muzea
0%
Finlandia Fińskie Muzeum Narodowe
0%
Włochy Forum Romanum i Palatyn w Rzymie
0%
Szwecja Gamla Stan
0%
Litwa Góra Krzyży
0%
Słowenia Jaskinie Szkocjańskie
0%
Słowenia Jezioro Bled
0%
Łotwa Jurmała
0%
Estonia Katedra Najświętszej Marii Panny
0%
Belgia Katedra Św. Michała i Guduli
0%
Rumunia Katedra w Alba lulia
0%
Szwecja Katedra w Lund
0%
Dania Katedra w Roskilde
0%
Hiszpania Katedra w Santiago de Compostela
0%
Holandia Kinderdijk
0%
Portugalia Klasztor Hieronimitów
0%
Irlandia Klify Moher
0%
Cypr Kyrenia
0%
Cypr Monastyr Kykkos
0%
Malta Mosta Dome
0%
Estonia Muzeum Linnamuuseum
0%
Grecja Mykeny
0%
Portugalia Pałac Narodowy Pena
0%
Łotwa Pałac Rundale
0%
Luksemburg Pałac Wielki Książęcy
0%
Finlandia Park Narodowy Lemmenjoki
0%
Słowenia Piran
0%
Bułgaria Płowdiw
0%
Dania Ribe VikingeCenter
0%
Bułgaria Rilski Monastyr
0%
Łotwa Ryga
0%
Bułgaria Sofia
0%
Słowacja Stare Miasto w Lewoczy
0%
Litwa Stare Miasto w Wilnie
0%
Chorwacja Starówka w Dubrowniku
0%
Estonia Starówka w Tallinie
0%
Rumunia Sybin
0%
Finlandia Turku
0%
Holandia Zaanse Schans
0%
Irlandia Zamek Blarney
0%
Słowacja Zamek Bojnice
0%
Portugalia Zamek Castelo de Obidos
0%
Rumunia Zamek Drakuli
0%
Szwecja Zamek Drottningholm
0%
Czechy Zamek Karlstrejn
0%
Węgry Zamek Królewski w Budapeszcie
0%
Słowacja Zamek Spijski
0%
Nie znaleziono quizów pasujących do podanych kryteriów
Rozkład punktacji
Procent ludzi z każdym wynikiem
Percentyl według liczby udzielonych odpowiedzi
Twoja historia wyników
Nie rozwiązałeś tego quizu